000 00598nam a22002417a 4500
001 24592
003 UA-OsUOA
005 20240906155335.0
007 ta
008 20040223b un ||||| |||| 00| 0 ukr d
020 _a5887700084
040 _aUA-OsUOA
_brus
_cUA-OsUOA
_dUA-OsUOA
041 _arus
044 _aRU
080 _a330
090 _a330
_bМ59
245 _aМикро-, макроэкономика
_bпрактикум
_cред. Ю. А. Огибин
260 _aСПб
_bЛитера плюс
_c1997
300 _a512 с.
650 7 _2UDC
942 _cBK
_2udc
955 _a0
999 _c310870
_d310870